000 00656nam a22002052 4500
001 0000003529
005 20151217145735.0
008 070509s xx 000 0 eng d
020 _a0710072013 :
040 _aKABU
_cKABU
050 0 _aLB41
_b.E38
245 1 0 _aEducation and the development of reason /
_cedited by R. F. Dearden, P. H. Hirst and R. S. Peters.
260 _aLondon :
_bRoutledge & Kegan,
_c1972.
300 _axiv, 536 p.
650 0 _aEducation
_xPhilosophy
_xAddresses, essays, lectures.
_@0000153509
700 1 _aDearden, R. F.
_@0000153510
908 _a070509
950 _@1
999 _c2131
_d2131